LEADER 01182nam0-22003371i-450- 001 990007937290403321 005 20050209133525.0 010 $a88-14-04110-5 020 $aIT$bEDI-475 035 $a000793729 035 $aFED01000793729 035 $a(Aleph)000793729FED01 035 $a000793729 100 $a20041025d1993----km-y0itay50------ba 101 0 $aita 102 $aIT 105 $ay-------001yy 200 1 $aCome si affitta un immobile$eguida pratica per locare un immobile, con consigli economici, contrattuali e fiscali per qualunque tipo di locazione e per i contratti in deroga alle limitazioni legali vigenti$fFrancesco Tamborrino 210 $aMilano$cGiuffrè$d1993 215 $a154 p.$d24 cm 225 1 $aCosa & come 300 $aIn appendice: Testi contrattuali predisposti dalle organizzazioni di categoria con deroghe all'equo canone per le abitazioni non nuove 676 $a346.4504346$v19$zita 700 1$aTamborrino,$bFrancesco$09567 801 0$aIT$bUNINA$gRICA$2UNIMARC 901 $aBK 912 $a990007937290403321 952 $aP 91$bs.i.$fDSS 959 $aDSS 996 $aCome si affitta un immobile$9638755 997 $aUNINA LEADER 01363nam--2200409---450- 001 990000551700203316 005 20071214121242.0 010 $a88-222-3604-1 035 $a0055170 035 $aUSA010055170 035 $a(ALEPH)000055170USA01 035 $a0055170 100 $a20010709d1988----km-y0itay0103----ba 101 $aita 102 $aIT 105 $a||||||||001yy 200 1 $a<> "riposi di Pindo"$estudi su Claudio Achillini (1574-1640)$fAngelo Colombo 210 $aFirenzed$cL.S. Olschki$d1988 215 $a227 p.$d26 cm 225 2 $aBiblioteca dell'Archivum Romanicum$hSer.1$iStoria, letteratura, palegrafia$x0066-6807$v213 410 $12001$aBiblioteca dell'Archivum Romanicum$hSer.1$iStoria, letteratura, palegrafia$x0066-6807$v213 461 1$1001-------$12001 606 0 $aAchillini, Claudio$xSaggi 676 $a851.5 700 1$aCOLOMBO,$bAngelo$0166081 801 0$aIT$bsalbc$gISBD 912 $a990000551700203316 951 $aVI.3. Coll. 121/ 114 (V E COLL 10/213)$b30708 LM$cV E COLL 959 $aBK 969 $aUMA 979 $aPATTY$b90$c20010709$lUSA01$h1129 979 $c20020403$lUSA01$h1704 979 $aPATRY$b90$c20040406$lUSA01$h1638 979 $aCOPAT4$b90$c20070228$lUSA01$h1212 979 $aRIVELLI$b90$c20071214$lUSA01$h1212 996 $aRiposi di pindo"$9256666 997 $aUNISA